| 000 | 00898nam0a22002531 4500 | ||
|---|---|---|---|
| 001 | rc\646725 | ||
| 005 | 20031121164907.8 | ||
| 035 | _a(NLR Aleph) 005887256 | ||
| 090 |
_a6140176 _c6140176 |
||
| 100 | _a20031121d1986 u |0rusy50 ca | ||
| 101 | 0 | _arus | |
| 102 | _aRU | ||
| 105 | _aa ||||||||| | ||
| 200 | 1 | _aСтруктурно-лигвистические методы распознавания изображений в реальном времени | |
| 210 |
_aКиев _cНаукова думка _d1986 |
||
| 215 |
_a127 с. _cил. _d20 |
||
| 300 | _aВ надзаг.: АН УССР, Физ.-мех. ин-т им. Г.В. Карпенко | ||
| 320 | _aБиблиогр.: с. 119-126 (168 назв.) | ||
| 700 | 1 |
_aРусын _bБ. П. _gБогдан Павлович |
|
| 801 | 0 |
_aRU _bNLR _gpsbo |
|
| 801 | 1 |
_aRU _bELAR _2rusmarc |
|
| 852 |
_aNLR _j86-3/7979 |
||
| 942 | _cBOOK | ||
| 980 | _aNB | ||